000 01708nam a2200265 a 4500
001 84439
003 BD-RjUL
005 20241204122037.0
008 241204s2023 bg a|||| m||| 00| 0 ben d
035 _a(BD-RjUL)84439
040 _aBD-RjUL
_bben/eng
_cBD-RjUL
_dBD-RjUL
041 _aben
082 _223
_b954.9205
_aHUM 2023
100 _aহক, ফারজানা
_914566
245 1 0 _aমুক্তিযুদ্ধে গণহত্যা ও গণকবর :
_bবৃহত্তর দিনাজপুর জেলা /
_cগবেষক ফারজানা হক ;
_6গবেষণা তত্ত্বাবধায়ক : মো. মাহফুজুর রহমান
246 _aGenocide and mass Graves of Liberation war :
_bGreater Dinajpur District /
260 _aরাজশাহী :
_bইসলামের ইতিহাস ও সংস্কৃতি বিভাগ, রাজশাহী বিশ্ববিদ্যালয়,
_c২০২৩
300 _axviii, ২৭২ পাতা :
_bচিত্র ;
_c২৯ সেমি.
502 _aথিসিস (এম. ফিল.) -- ইসলামের ইতিহাস ও সংস্কৃতি বিভাগ, রাজশাহী বিশ্ববিদ্যালয়, ২০২৩
504 _aগ্রন্থপঞ্জি : পাতা [২৪৬]-২৬২
650 _aমুক্তিযুদ্ধ
_vইতিহাস ও সমালোচনা
_914105
650 _aLiberation war
_vHistory and Criticism
_914106
700 _aরহমান, মো. মাহফুজুর, গবেষণা তত্ত্বাবধায়ক
_95605
942 _2ddc
_cTHE
999 _c84439
_d84439